Republic of North Macedonia : 2019 Article IV Consultation-Press Release; Staff Report; and Statement by the Executive Director for the Republic of North Macedonia.

This 2019 Article IV Consultation with Republic of Macedonia discusses that after a protracted political crisis, the economy has entered a period of solid growth and stability. Over the recent years, the authorities have reviewed the reform momentum, with crucial institutional and governance reforms...

Cijeli opis

Bibliografski detalji
Autor kompanije: International Monetary Fund. European Dept
Format: Žurnal
Jezik:English
Izdano: Washington, D.C. : International Monetary Fund, 2020.
Serija:IMF Staff Country Reports; Country Report ; No. 2020/024
Online pristup:Full text available on IMF
LEADER 02413cas a2200241 a 4500
001 AALejournalIMF016190
008 230101c9999 xx r poo 0 0eng d
020 |c 5.00 USD 
020 |z 9781513527925 
022 |a 1934-7685 
040 |a BD-DhAAL  |c BD-DhAAL 
110 2 |a International Monetary Fund.  |b European Dept. 
245 1 0 |a Republic of North Macedonia :   |b 2019 Article IV Consultation-Press Release; Staff Report; and Statement by the Executive Director for the Republic of North Macedonia. 
264 1 |a Washington, D.C. :  |b International Monetary Fund,  |c 2020. 
300 |a 1 online resource (75 pages) 
490 1 |a IMF Staff Country Reports 
500 |a <strong>Off-Campus Access:</strong> No User ID or Password Required 
500 |a <strong>On-Campus Access:</strong> No User ID or Password Required 
506 |a Electronic access restricted to authorized BRAC University faculty, staff and students 
520 3 |a This 2019 Article IV Consultation with Republic of Macedonia discusses that after a protracted political crisis, the economy has entered a period of solid growth and stability. Over the recent years, the authorities have reviewed the reform momentum, with crucial institutional and governance reforms and efforts to make public finances more sustainable and equitable. Growth is expected to accelerate in 2020. Lower taxes and higher pensions and wages?including public sector and minimum wages?are expected to provide a further, albeit one-off, stimulus to consumption. Export and investment growth would remain robust but slow somewhat, reflecting weak growth in trading partners. An ambitious consolidation is needed to rebuild fiscal policy space and re-orient public spending toward investment. Reforms to address key labor market and institutional weaknesses will help lift medium-term growth and speed up income convergence. Although growth has been solid in the past two decades, it has not been enough to substantially narrow North Macedonia's large income gap with the European Union. In order to accelerate convergence, it is essential to continue reforms to improve the public administration, rule of law, and control of corruption. 
538 |a Mode of access: Internet 
830 0 |a IMF Staff Country Reports; Country Report ;  |v No. 2020/024 
856 4 0 |z Full text available on IMF  |u http://elibrary.imf.org/view/journals/002/2020/024/002.2020.issue-024-en.xml  |z IMF e-Library